| Поле | Название | Значение |
| |
Тип записи |
c |
| |
Библиографический уровень |
m |
| 001 |
Контрольный номер |
RU/УОНБ/EK_N/653663450 |
| 005 |
Дата корректировки |
20250520124303.8 |
| 010 |
Индекс ISBN |
__ |
| 9 |
Тираж |
560 экз. |
| 013 |
Номер (ISMN) |
__ |
| d |
Цена |
88 к. |
| 071 |
Издательские номер (звукозапись и ноты) |
21 |
| a |
Номер, присвоенный агентством |
1927 |
| 100 |
Данные общей обработки |
__ |
| a |
Данные общей обработки |
20200917d1971 u y0rusy0189||||ca |
| 101 |
Язык документа |
0_ |
| a |
Язык текста |
rus |
| f |
Язык титульного листа |
rus |
| 102 |
Страна публикации |
__ |
| a |
Страна публикации |
RU |
| 105 |
Кодированные данные (монография) |
__ |
| a |
Кодированные данные (монография) |
y###||||000|y |
| 125 |
Кодированные данные звукозаписи и нотных изданий |
__ |
| a |
Форма изложения нотного текста |
с| |
| 128 |
Кодированные данные (звукозаписи-физические характеристики) |
__ |
| a |
Кодированные данные: Музыкальная форма и тональность или лад |
li |
| c |
Инструменты или голоса, рекомендуемые для солистов (устаревшее) |
vu|| |
| 200 |
Заглавие и сведения об ответственности |
1_ |
| a |
Заглавие |
Песни и романсы |
| b |
Общее обозначение материала |
Ноты |
| e |
Сведения, относящиеся к заглавию |
[для голоса в сопровожд. фп.] |
| f |
Первые сведения об ответственности |
Н. Нариманидзе |
| g |
Последующие сведения об ответственности |
предисл. А. Мшвелидзе |
| 210 |
Выходные данные |
1_ |
| a |
Место издания |
Москва |
| c |
Издательство |
Музыка |
| d |
Дата издания |
1971 |
| 215 |
Физическое описание |
__ |
| a |
Объем |
68 с. |
| c |
Иллюстрации/тип воспроизводства |
портр. |
| d |
Формат |
29 см |
| 327 |
Примечание о содержании |
11 |
| a |
Примечание о содержании |
Содерж. : О Ленине / сл. А. Сальникова. - Не грусти, сынок / сл. В. Пшавела. - Ты не пришел / сл. нар. - В синем небе сокол вьется / сл. Я. Родионова. - Говорят, весна пришла / сл. М. Михайлова. - Красавице / сл. А. Церетели. - Моя Асаль / сл. Ю. Багрянцева. - В лунную ночь / сл. О. Фадеевой. - Что ты, дождик, расходился? : молд. нар. песня. - Жалоба девушки : индийск. нар. песня. - На холме она стояла ; Песня женщин-горянок груз. нар. песни. - На слова Н. Нариманидзе : Я сын Советской Грузии ; Песня пастуха ; Песня о любимой девушке. |
| 464 |
Аналитический уровень |
_0 |
| 1 |
|
2001 |
| a |
|
О Ленине |
| e |
|
Если б мог товарищ Ленин... |
| 1 |
|
702 1 |
| a |
|
Сальников |
| b |
|
А. |
| 4 |
|
520 |
| 464 |
Аналитический уровень |
_0 |
| 1 |
|
2001 |
| a |
|
Не грусти, сынок |
| e |
|
Сын мой любимый... |
| 1 |
|
702 1 |
| a |
|
Пшавела |
| b |
|
В. |
| 4 |
|
520 |
| 464 |
Аналитический уровень |
_0 |
| 1 |
|
2001 |
| a |
|
Ты не пришел |
| e |
|
Где же, где же ты, мой милый... |
| 1 |
|
7023 |
| a |
|
Слова народные |
| 464 |
Аналитический уровень |
_0 |
| 1 |
|
2001 |
| a |
|
В синем небе сокол вьется |
| e |
|
В синем небе сокол вьется... |
| 1 |
|
702 1 |
| a |
|
Родионов |
| b |
|
Я. |
| 4 |
|
520 |
| 464 |
Аналитический уровень |
_0 |
| 1 |
|
2001 |
| a |
|
Говорят, весна пришла |
| e |
|
Говорят, весна пришла... |
| 1 |
|
702 1 |
| a |
|
Михайлов |
| b |
|
М. |
| 4 |
|
520 |
| 464 |
Аналитический уровень |
_0 |
| 1 |
|
2001 |
| a |
|
Красавице |
| e |
|
У фиалки ты украла нежность... |
| 1 |
|
702 1 |
| a |
|
Церетели |
| b |
|
А. |
| 4 |
|
520 |
| 464 |
Аналитический уровень |
_0 |
| 1 |
|
2001 |
| a |
|
Моя Асаль |
| e |
|
С тобой простились у вокзала... |
| 1 |
|
702 1 |
| a |
|
Багрянцев |
| b |
|
Ю. |
| 4 |
|
520 |
| 464 |
Аналитический уровень |
_0 |
| 1 |
|
2001 |
| a |
|
В лунную ночь |
| e |
|
Черный шелк своего покрывала... |
| 1 |
|
702 1 |
| a |
|
Фадеева |
| b |
|
О. |
| 4 |
|
520 |
| 464 |
Аналитический уровень |
_0 |
| 1 |
|
2001 |
| a |
|
Что ты, дождик, расходился? |
| e |
|
Что ты, дождик, расходился?... |
| e |
|
молд. нар. песня |
| 464 |
Аналитический уровень |
_0 |
| 1 |
|
2001 |
| a |
|
Жалоба девушки |
| e |
|
Шла вчера я за водою... |
| e |
|
индийск. нар. песня |
| 464 |
Аналитический уровень |
_0 |
| 1 |
|
2001 |
| a |
|
На холме она стояла |
| e |
|
На холме она стояла... |
| e |
|
груз. нар. песня |
| 464 |
Аналитический уровень |
_0 |
| 1 |
|
2001 |
| a |
|
Я сын Советской Грузии |
| e |
|
Я сын Грузии Советской... |
| 1 |
|
702 1 |
| a |
|
Нариманидзе |
| b |
|
Н. |
| 4 |
|
520 |
| 464 |
Аналитический уровень |
_0 |
| 1 |
|
2001 |
| a |
|
Песня о любимой девушке |
| e |
|
Снова весна... |
| 1 |
|
702 1 |
| a |
|
Нариманидзе |
| b |
|
Н. |
| 4 |
|
520 |
| 464 |
Аналитический уровень |
_0 |
| 1 |
|
2001 |
| a |
|
Песня пастуха |
| e |
|
Тени древних гор... |
| 1 |
|
702 1 |
| a |
|
Нариманидзе |
| b |
|
Н. |
| 4 |
|
520 |
| 464 |
Аналитический уровень |
_0 |
| 1 |
|
2001 |
| a |
|
Песня женщин-горянок |
| e |
|
Трудно нам забыть... |
| e |
|
груз. нар. песня |
| 512 |
Заглавие обложки |
1_ |
| a |
Заглавие обложки |
Песни и романсы |
| 600 |
Персоналии |
_1 |
| a |
Персоналии (Фамилия) |
Нариманидзе, Николай Васильевич |
| 606 |
Тематические рубрики |
0_ |
| a |
Основная рубрика |
Романсы и песни советских композиторов |
| 610 |
Ключевые слова |
0_ |
| a |
Ключевые слова |
романсы и песни советских композиторов |
| 610 |
Ключевые слова |
0_ |
| a |
Ключевые слова |
Нариманидзе Н. В. |
| 686 |
Индексы других классификаций |
__ |
| a |
Классификационный индекс |
85.943.4-42(2)я44 |
| 2 |
Код системы |
rubbk |
| 700 |
Автор |
_1 |
| a |
Фамилия |
Нариманидзе |
| b |
Имя (инициалы) |
Н. В. |
| g |
Полное личное имя |
Николай Васильевич |
| 702 |
Вторичная интеллектуальная ответственность |
_1 |
| a |
Фамилия |
Мшвелидзе |
| b |
Имя (инициалы) |
А. |
| 4 |
Код отношения |
080 |
| 801 |
Источник записи |
_0 |
| a |
Страна |
RU |
| b |
Организация |
Ульяновская ОНБ |
| c |
Дата составления |
20200917 |
| g |
Правила каталогизации |
RCR |
| 801 |
Источник записи |
_1 |
| a |
Страна |
RU |
| b |
Организация |
Ульяновская ОНБ |
| c |
Дата составления |
20200917 |
| g |
Правила каталогизации |
RCR |
| 901 |
Тип документа |
__ |
| t |
Тип документа |
m |
| 909 |
Создатель записи |
__ |
| a |
Создатель записи |
Никитина Т. А. |
| 938 |
Служебная информация |
__ |
| a |
Имя БД |
noti |
| b |
Имя библиотеки |
УОНБ |
| c |
Имя АИБС |
МАРК-SQL |
| d |
Номер DOC_ID в БД |
22820 |